How Well Do You Know MrBeast? - Statistics

General Stats
  • This quiz has been taken 126 times
  • The average score is 5 of 9
Answer Stats
Question Answer % Correct
What is MrBeast's real name? Jimmy Donaldson
100%
What was the name of MrBeast's original YouTube channel before he created his current one? MrBeast6000
83%
In December 2018, MrBeast launched a campaign to plant how many trees by 2020? 20 million
58%
What year did MrBeast start his YouTube channel? 2012
50%
What was the largest amount he ever gave away in a single video? $1,000,000
44%
Which of the following is NOT a popular series on MrBeast's YouTube channel? Building a House Out of Legos
44%
In one of his challenges, MrBeast buried himself alive for how many hours? 168
31%
How old was MrBeast when he started his YouTube channel? 13
28%
What is the name of MrBeast's burger chain that launched in 2021? MrBeast Burger
25%
No matching quizzes found
Score Distribution
Percent of People with Each Score
Percentile by Number Answered
Your Score History
You have not taken this quiz